00482 2200169 4500001002100000008004100021035002000062245005400082110002100136260003900157300001900196020002200215084001700237082001100254650003400265990001300299INLIS000000000000306 ind  a0010-0120000306 aFikihbMadrasah Tsanawiyah VIIIcKementrian Agama aKementrian Agama aJakarta :bKementrian Agama,c2015 aviii, 156 hlm. a978-602-293-063-1 a297.14 GHO f a297.14 aFikih -- Studi dan Pengajaran a21900306